| 000 | 00728nam a2200229 a 4500 | ||
|---|---|---|---|
| 001 | BRCA_3942 | ||
| 005 | 20190320204502.0 | ||
| 008 | 120110s1944----mx-a######---#000-0#spa-# | ||
| 041 | _aspa | ||
| 044 | _amx | ||
| 050 | 4 |
_aF1391 _b.K86 1944 |
|
| 100 | 1 |
_aKuri Breña, Daniel. _95571 |
|
| 245 | 1 | 0 |
_aZacatecas, civilizadora del norte _bpequeña biografía de una rara ciudad ; ilustraciones y capitulares de Julio Prieto _cKuri Breña, Daniel. |
| 260 |
_aMéxico _bImp. Universitaria _c1944 |
||
| 300 |
_aix, 142 p. _bil. _c31 cm. |
||
| 500 | _aIncluye índice de ilustraciones p. 141-142. | ||
| 500 | _aC93 | ||
| 651 | 4 |
_aZacatecas (Ciudad) _910257 |
|
| 700 | 1 |
_aPrieto, Julio _eil. _910258 |
|
| 902 | _aGFM | ||
| 942 |
_2lcc _cB |
||
| 999 |
_c3669 _d3669 |
||